अजगर (Record no. 194752)

MARC details
000 -LEADER
fixed length control field 00419nam a2200145Ia 4500
008 - FIXED-LENGTH DATA ELEMENTS--GENERAL INFORMATION
fixed length control field 090124s9999 xx 000 0 und d
082 ## - DEWEY DECIMAL CLASSIFICATION NUMBER
Item number 304823
245 ## - TITLE STATEMENT
Title अजगर
250 ## - EDITION STATEMENT
Edition statement 3
260 ## - PUBLICATION, DISTRIBUTION, ETC. (IMPRINT)
Name of publisher, distributor, etc खानोलकर चिं.त्र्यं.(चिंतामणी त्र्यंबक)(आरती
Date of publication, distribution, etc 2003
300 ## - PHYSICAL DESCRIPTION
Extent 90
630 ## - SUBJECT ADDED ENTRY--UNIFORM TITLE
Uniform title अजगर
730 ## - ADDED ENTRY--UNIFORM TITLE
Uniform title अजगर
942 ## - ADDED ENTRY ELEMENTS (KOHA)
Koha item type Book
Holdings
Withdrawn status Lost status Damaged status Not for loan Home library Current library Date acquired Cost, normal purchase price Total Checkouts Full call number Barcode Date last seen Cost, replacement price Price effective from Koha item type
        Marathi Granth Sangrahalaya,Thane Marathi Granth Sangrahalaya,Thane   70.00   304823 THNMGS-304823 01/24/2009 70.00 01/24/2009 Book